Politické a ekonomické faktory formujúce budúcnosť voľného obchodu a rozvoja bakalárska práca

Gespeichert in:
Bibliographische Detailangaben
1. Verfasser: Gáborová, Aneta
Körperschaft: Obchodná fakulta EU. Katedra medzinárodného obchodu
Weitere Verfasser: Bato, Vladyslav, 2000-
Format: Buch
Sprache:Slowakisch
Veröffentlicht: Bratislava 2024
Tags: Tag hinzufügen
Keine Tags, Fügen Sie das erste Tag hinzu!

MARC

LEADER 00000nbm a2200000 4500
001 0304094
005 20250110135010.9
041 0 |a slo 
044 |a SK 
245 1 0 |a Politické a ekonomické faktory formujúce budúcnosť voľného obchodu a rozvoja  |b bakalárska práca  |c Aneta Gáborová ; školiteľ: Vladyslav Bato 
264 1 |a Bratislava  |c 2024 
300 |a 52 s. 
100 1 |a Gáborová, Aneta 
700 1 |a Bato, Vladyslav, 2000- 
710 2 |a Obchodná fakulta EU. Katedra medzinárodného obchodu